Loading...
| Science - Chemistry | 0 | 5 | 0 | 0 | 50 | 56 | 98.80 | 4 | 5 | 0.00 | 0.00 |
| Literature - American | 0 | 6 | 2 | 0 | 50 | 88 | 113.67 | 2 | 6 | 0.00 | 0.00 |
| Literature - British | 0 | 6 | 2 | 0 | 50 | 100 | 123.67 | 4 | 6 | 0.00 | 0.00 |
| Literature - European | 1 | 3 | 1 | 0 | 40 | 68 | 90.00 | 3 | 4 | 0.00 | 0.00 |
| World and Other Literature | 1 | 1 | 0 | 0 | 25 | 66 | 70.00 | 2 | 2 | 0.00 | 0.00 |
| 0 | 3 | 1 | 0 | 25 | 98 | 106.33 | 1 | 3 | 0.00 | 0.00 | |
| Ancient History and Archaeology | 0 | 2 | 0 | 0 | 20 | 101 | 117.50 | 0 | 2 | 0.00 | 0.00 |
| Beliefs | 1 | 1 | 1 | 0 | 20 | 66 | 104.00 | 0 | 2 | 0.00 | 0.00 |
| Chemistry> | 0 | 2 | 0 | 0 | 20 | 109 | 115.00 | 0 | 2 | 0.00 | 0.00 |
| Philosophy | 0 | 2 | 0 | 0 | 20 | 91 | 112.00 | 2 | 2 | 0.00 | 0.00 |
| Social Science | 0 | 2 | 0 | 0 | 20 | 82 | 91.50 | 0 | 2 | 0.00 | 0.00 |
| Other Science: Earth Science | 0 | 1 | 0 | 0 | 10 | 121 | 121.00 | 1 | 1 | 0.00 | 0.00 |
| Science - Physics | 0 | 1 | 0 | 0 | 10 | 117 | 117.00 | 1 | 1 | 0.00 | 0.00 |
| History - American | 0 | 1 | 0 | 1 | 10 | 118 | 118.00 | 0 | 0 | 0.00 | 0.00 |
| Other Science: Astronomy | 0 | 1 | 0 | 0 | 10 | 92 | 92.00 | 0 | 1 | 0.00 | 0.00 |
| Science - Biology | 0 | 1 | 0 | 1 | 10 | 135 | 135.00 | 1 | 1 | 0.00 | 0.00 |